Estadísticas para 15 Marcas de Cervezas Españolas

Haz click aquí para intentar la prueba.

Estadísticas generales

  • Esta prueba ha sido intentada 158 veces
  • La puntuación promedio es 6 de 15

Estadísticas de respuestas

Respuesta% Correcto
Estrella Galicia
96%
Mahou
88%
Cruzcampo
78%
Alhambra
63%
Estrella Damm
53%
San Miguel
53%
El Aguila
41%
Amstel
38%
Victoria - Malaga
31%
1906
28%
Ambar
28%
Estrella de Levante
8%
Estrella del Sur
8%
Dorada
4%
Cervezas Alcázar
3%

Distribución de puntuación

Porcentaje por número respondido

Porcentaje de gente con cada puntuación

Historial de tus puntuaciones

No has intentado esta prueba.